00346nam a2200121Ia 45000030006000000080041000060400015000471000025000622450087000872600021001745460012001950050017002070STCL150530s9999 xx 000 0 und d aSTCLcSTCL aNickson James, J. Ed aSymposium on radiobiography the basic aspects of radiation effect on living system bJohn Wileyc1952 aEnglish20220125170453.0